| 000 | 00762cam a2200205 a 4500 | ||
|---|---|---|---|
| 001 | 4854027 | ||
| 005 | 20241215130251.0 | ||
| 008 | 910919s1992 txua b 001 0 eng | ||
| 020 | _a9780030128479 | ||
| 050 | 0 | 0 |
_aQP33 _b.W58 1992 |
| 082 | 0 | 0 |
_a591.1 _220 |
| 100 | 1 |
_aWithers, Philip C. _q(Philip Carew) |
|
| 245 | 1 | 0 |
_aComparative animal physiology / _cPhilip C. Withers. |
| 260 |
_aFort Worth : _bSaunders College Pub., _cc1992. |
||
| 300 |
_axxii, 949, [111] p. : _bill. (some col.) ; _c29 cm. |
||
| 650 | 0 | _aPhysiology, Comparative. | |
| 856 | 4 | 2 |
_3Publisher description _uhttp://www.loc.gov/catdir/enhancements/fy1502/91050762-d.html |
| 856 | 4 | 1 |
_3Table of contents only _uhttp://www.loc.gov/catdir/enhancements/fy1502/91050762-t.html |
| 942 |
_2lcc _cBK _n0 |
||
| 999 |
_c2262 _d2262 |
||